Sports Quiz

Random Sports Quiz

UK Flat Jockeys Championship 2011 Quiz Stats

 Plays Quiz not verified by Sporcle

Score 0/40 Timer 12:00
0 Plays Today
Hint Jockey % Correct
3 time champion jockey, and stable rider for GodolphinLanfranco 'Frankie' Dettori
92.8%
Winner of the 2010 Epsom Derby with WorkforceRyan Moore
90.8%
Tactical rider, married to Channel 4 racing presenter EmmaJamie Spencer
86.8%
Irish jockey who infamously gave up his license in protest of new whip rules last year. Stable jockey to Richard HannonRichard Hughes
85.2%
Sao Paulo born jockey often seen racing for Mark JohnstonSilvestre de Sousa
83.2%
Controversial Irish jockey, six time UK championKieren Fallon
83.2%
Britain's top female jockey, won her first Group 1 in the July Cup at Newmarket with Dream AheadHayley Turner
75.2%
Norwegian-born stable jockey to John GosdenWilliam Buick
74.4%
'Wonderhorse' Frankel's riderTom Queally
74%
UK Flat Jockey Champion 2010 & 2011Paul Hanagan
70.4%
Stable jockey to Mark Johnston, 2009 winner of the Goffs Million Mile at Curragh with Shakespearean. 2009/10 AW champion jockeyJoe Fanning
59.6%
Shared the 2007 Champion Jockey's title with Jamie SpencerSeb Sanders
54.4%
A more renown rider on the AW, won the 45k Hungerford at Newbury on Excelebration for Marco BottiAdam Kirby
48.8%
One of the tallest flat jockeys, won with his namesake at Leicester in AugustGeorge Baker
47.6%
Stable jockey to Ralph BeckettJim Crowley
47.2%
Young jockey, winter stable jockey to Jebel Ali trainer Dhruba SelvaratnamJames Doyle
46%
Top jockey at Kempton in 2011 with a 40–295 record, 2010/11 AW champion jockeyLuke Morris
44.4%
Injury-prone female jockey, broke her leg at Nottingham mid-OctoberCathy Gannon
41.2%
Experienced jockey; 3 times winner of the 1,000 Guineas with Harayir, Lahan and GhanaatiRichard Hills
40.8%
Aintree-born 2006 Derby winner with Sir PercyMartin Dwyer
38.8%
Hint Jockey % Correct
Former stable rider to Gosden, winner of the 2009 Lincoln Handicap with Expresso StarJimmy Fortune
35.6%
Scottish jockey based near Ayr, often seen riding for David O’MearaDaniel Tudhope
32%
Often seen racing in UAE these days, former winner of the 2009 St Ledger with Mastery, and the 2007 Epsom Oaks with Light ShiftTed Durcan
31.2%
German apprentice with a Polish background, rode Internationaldebut to 3 out of 4 wins in 2011 for Richard HannonFrederik Tylicki
31.2%
Winner of the Prix De L'Abbaye in Longchamp in October with Tangerine TreesTom Eaves
26.4%
Champion apprentice in 1999, now stable jockey to Roger VarianNeil Callan
24.8%
Banned for overuse of the whip in November, winner of the Fortune Stakes in September with Lay Time for Andrew BaldingDavid Probert
24.8%
2011 Indian Derby winner, and stable jockey to Tim Easterby's North Yorkshire operationDavid Allan
19.2%
Senior rider to Roger Charlton, won the 2007 Darley July Cup on Sakhee's SecretSteve Drowne
18.8%
North Yorkshire based jockey, 2007 Royal Ascot winner with Pevensey in the Duke Of Edinburgh HandicapGraham Gibbons
18%
Donegal born 2011 UK Champion Apprentice jockeyMartin Harley
17.2%
Only group 1 success came in 2004, winning the Cheveley Park Stakes with Magical RomanceRobert Winston
16.8%
Irish jockey, winner of the 2004 St Ledger Yearling Stakes with Caesar BewareDane O'Neill
16.4%
25/1 winner with Elnawin in the 2008 St Leger Yearling Stakes at NewmarketPat Dobbs
15.6%
Rode the 15yo The Taitling off to a win on his 176th and final race at Wolverhampton last yearRichard Kingscote
15.6%
Former Irish apprentice rider, most known for 2010 Irish Lincolnshire win with Big RobertKieran O'Neill
14.4%
Winner of the totepool Two-year-old Trophy at Redcar in October with BogartPhillip Makin
13.6%
1997 Irish champion apprentice; wfhwjefhweEddie Ahern
9.2%
Irish jockey Second to Silvestre de Sousa at Catterick last season with a record of 7–53P J McDonald
8.8%
Third in the 2011 British Apprentice Jockeys ChampionshipHarry Bentley
8%

You're not logged in!

Compare scores with friends on all Sporcle quizzes.
OR
Log In

Show Comments

Extras

Top Quizzes Today


Score Distribution

Your Account Isn't Verified!

In order to create a playlist on Sporcle, you need to verify the email address you used during registration. Go to your Sporcle Settings to finish the process.

Report this User

Report this user for behavior that violates our Community Guidelines.

Details: